| 000 | 00593nam a22001937a 4500 | ||
|---|---|---|---|
| 999 |
_c9352 _d9352 |
||
| 003 | AR-CdUCM | ||
| 008 | 190327b ||||| |||| 00| 0 spa d | ||
| 020 | _a978-612-309-109-5 | ||
| 040 |
_aMUNICIPALIDAD PROVINCIAL DEL CUSCO _cBIBLIOTECA MUNICIPAL DEL CUSCO |
||
| 082 |
_aSI-0069 / _bAND / del |
||
| 100 |
_aAndrea, Ingrid de _925489 |
||
| 245 |
_aA-Tilo : _bel delirio de ilusión / |
||
| 260 |
_aLima : _bSantillana, _c2014. |
||
| 300 |
_a47 páginas ; _bIlustraciones. _c22.5 cm. |
||
| 650 |
_aCuentos infantiles _93927 |
||
| 650 |
_aSiglo XXI _92856 |
||
| 942 |
_2ddc _cLIBROS |
||
| 945 | _aafb | ||